000 00406nam a2200181Ia 4500
005 20250603145514.0
008 250603s9999 xx 000 0 und d
020 _a9781253365214
050 _aTN872.N6 B758/
100 _aBroadhead, Ronald
245 0 _aPetroleum geology
260 _aAmsterdam
260 _bElesevier
260 _c2023
300 _a507 p
650 _aAmsterdam
942 _cBK
999 _c42057
_d42057